000 00353pab a2200145 454500
008 180718b1986 xxu||||| |||| 00| 0 eng d
100 _aBaggott, Rob
245 _aAlcohol, politics and social policy
260 _c1986
300 _a467-88
362 _aOct.
650 _aU.K. - Social Policy
773 _aJournal of Social Policy
909 _a20068
999 _c20068
_d20068